[Event "POL-chT 2nd League"]
[Site "Jastrzebia Gora"]
[Date "2023.09.05"]
[Round "4.83"]
[White "Tatarczany, Piotr"]
[Black "Szydelko, Michal"]
[Result "0-1"]
[WhiteElo "1622"]
[BlackElo "1731"]
[PlyCount "98"]
[EventDate "2023.09.02"]
[EventType "team-swiss"]
[EventRounds "9"]
[EventCountry "POL"]
[SourceTitle "CBM 216 Extra"]
[Source "ChessBase"]
[SourceDate "2023.11.30"]
[SourceVersion "1"]
[SourceVersionDate "2023.11.30"]
[SourceQuality "1"]
[WhiteTeam "Pilzno Hetman"]
[BlackTeam "Radkow Giecek"]
[WhiteTeamCountry "POL"]
[BlackTeamCountry "POL"]

1. d4 Nf6 2. Nf3 d5 3. c4 e6 4. Nc3 Be7 5. Bf4 0-0 6. e3 c6 7. Bd3 Nbd7 8. 0-0 dxc4 9. Bxc4 b5 10. Bd3 Bb7 11. h3 a6 12. Rc1 c5 13. dxc5 Nxc5 14. Bb1 Rc8 15. Qxd8 Rfxd8 16. Rfd1 Nd5 17. Nxd5 Bxd5 18. Be5 f6 19. Bc3 Bxf3 20. gxf3 Rxd1+ 21. Rxd1 Na4 22. Rd7 Nxc3 23. bxc3 Bf8 24. Bc2 Rxc3 25. Bb3 Rc6 26. Ra7 Bc5 27. Rb7 Kf8 28. Kf1 Bb6 29. Ke2 a5 30. a4 b4 31. f4 e5 32. fxe5 fxe5 33. Bd5 Rc5 34. e4 Bc7 35. h4 Rc3 36. f3 Ke7 37. h5 Kd6 38. Kf2 Ra3 39. Rb5 Rxa4 40. Bb3 Ra3 41. Bg8 Kc6 42. Rd5 h6 43. Be6 Bd6 44. f4 exf4 45. e5 Bc5+ 46. Kf1 Rf3+ 47. Ke2 Re3+ 48. Kd2 b3 49. Rd8 Bb4+ 0-1

[Event "Warsaw Najdorf Memorial op-B"]
[Site "Warsaw"]
[Date "2023.07.18"]
[Round "8"]
[White "Szefer, Michal"]
[Black "Szydelko, Michal"]
[Result "1-0"]
[WhiteElo "1863"]
[BlackElo "1765"]
[PlyCount "59"]
[EventDate "2023.07.11"]
[EventType "swiss"]
[EventRounds "9"]
[EventCountry "POL"]
[SourceTitle "EXT 2024"]
[Source "ChessBase"]
[SourceDate "2023.10.10"]
[SourceVersion "1"]
[SourceVersionDate "2023.10.10"]
[SourceQuality "1"]

1. e4 c5 2. Nf3 d6 3. d4 cxd4 4. Nxd4 Nf6 5. Nc3 a6 6. Bg5 Nbd7 7. f4 Qc7 8. Qf3 e6 9. 0-0-0 Be7 10. g4 b5 11. Bxf6 Nxf6 12. g5 Nd7 13. f5 Bxg5+ 14. Kb1 e5 15. Ndxb5 axb5 16. Nxb5 Qb6 17. Nxd6+ Ke7 18. Qh5 Qxd6 19. Rxd6 Kxd6 20. Qxg5 Bb7 21. Bb5 Nf6 22. Qxg7 Ke7 23. Bc4 Rhf8 24. Qg3 Nd7 25. Rd1 Bc6 26. f6+ Kxf6 27. Rd6+ Ke7 28. Rxc6 Rg8 29. Qh4+ Ke8 30. a3 1-0

[Event "POL-chT 2nd League"]
[Site "Jastrzebia Gora"]
[Date "2022.09.09"]
[Round "7.76"]
[White "Rozumek, Krzysztof"]
[Black "Szydelko, Michal"]
[Result "0-1"]
[WhiteElo "1832"]
[BlackElo "1699"]
[PlyCount "92"]
[EventDate "2022.09.03"]
[EventType "team-swiss"]
[EventRounds "9"]
[EventCountry "POL"]
[SourceTitle "CBM 210 Extra"]
[Source "ChessBase"]
[SourceDate "2022.11.30"]
[SourceVersion "1"]
[SourceVersionDate "2022.11.30"]
[SourceQuality "1"]
[WhiteTeam "Lipno Steszew"]
[BlackTeam "Radkow Giecek"]
[WhiteTeamCountry "POL"]
[BlackTeamCountry "POL"]

1. Nf3 Nf6 2. b3 d5 3. Bb2 Bf5 4. e3 Nbd7 5. c4 e6 6. Be2 Be7 7. 0-0 0-0 8. d3 Rc8 9. Nbd2 c6 10. Ne5 Nxe5 11. Bxe5 dxc4 12. dxc4 Qa5 13. Nf3 Ba3 14. Bxf6 gxf6 15. Qd4 Kg7 16. Nh4 Bg6 17. Nxg6 hxg6 18. Rfd1 Rcd8 19. Qe4 Qc3 20. Rab1 Rd2 21. Rxd2 Qxd2 22. Qd3 Rd8 23. Qxd2 Rxd2 24. Kf1 Rxa2 25. Rd1 Rb2 26. Rd3 Kf8 27. Bd1 Ke7 28. h4 f5 29. g4 fxg4 30. Bxg4 f5 31. Bd1 e5 32. e4 Bc5 33. Be2 fxe4 34. Rg3 Kf6 35. Rg4 Rxb3 36. Rxe4 Rb2 37. f4 exf4 38. Rxf4+ Ke5 39. Rg4 Rb1+ 40. Kg2 Rg1+ 41. Kf3 Rxg4 42. Kxg4 Kd4 43. Kg5 Be7+ 44. Kxg6 Bxh4 45. Kf7 a5 46. Ke6 a4 0-1

[Event "Polanica Zdroj op-B 58th"]
[Site "Polanica Zdroj"]
[Date "2022.08.16"]
[Round "4"]
[White "Szydelko, Michal"]
[Black "Terkiewicz, Bruno"]
[Result "0-1"]
[WhiteElo "1833"]
[BlackElo "1473"]
[PlyCount "82"]
[EventDate "2022.08.13"]
[EventType "swiss"]
[EventRounds "9"]
[EventCountry "POL"]
[SourceTitle "CBM 210 Extra"]
[Source "ChessBase"]
[SourceDate "2022.11.30"]
[SourceVersion "1"]
[SourceVersionDate "2022.11.30"]
[SourceQuality "1"]

1. e4 c5 2. Nc3 Nc6 3. g3 g6 4. Bg2 Bg7 5. Nf3 d6 6. 0-0 Nf6 7. d3 0-0 8. h3 a6 9. Be3 Bd7 10. Re1 Qa5 11. Rb1 b5 12. a3 Rac8 13. Nd5 e6 14. Nxf6+ Bxf6 15. c3 Rfd8 16. d4 cxd4 17. Nxd4 Ne5 18. Nb3 Qc7 19. Bd4 Bg7 20. Nd2 Nd3 21. Bxg7 Kxg7 22. Re3 Nc5 23. Nf3 Bc6 24. Nd4 Ba8 25. Qg4 e5 26. Nf5+ Kf8 27. Nh6 d5 28. exd5 Bxd5 29. Qh4 Bxg2 30. Kxg2 Qc6+ 31. Kg1 e4 32. Ng4 f5 33. Qh6+ Kg8 34. Ne5 Qf6 35. f4 Nd3 36. Nxd3 Rxd3 37. Rxd3 exd3 38. Rd1 Qb6+ 39. Kg2 Qe3 40. Rf1 d2 41. g4 Qe2+ 0-1

[Event "Polanica Zdroj op-B 58th"]
[Site "Polanica Zdroj"]
[Date "2022.08.14"]
[Round "2"]
[White "Szydelko, Michal"]
[Black "Zerebiec, Maurycy"]
[Result "0-1"]
[WhiteElo "1833"]
[BlackElo "1915"]
[PlyCount "94"]
[EventDate "2022.08.13"]
[EventType "swiss"]
[EventRounds "9"]
[EventCountry "POL"]
[SourceTitle "CBM 210 Extra"]
[Source "ChessBase"]
[SourceDate "2022.11.30"]
[SourceVersion "1"]
[SourceVersionDate "2022.11.30"]
[SourceQuality "1"]

1. e4 e6 2. d4 d5 3. Nc3 Bb4 4. exd5 exd5 5. Bd3 Nf6 6. Nf3 0-0 7. 0-0 Bg4 8. h3 Bh5 9. Bg5 Bxc3 10. bxc3 Nbd7 11. Re1 Re8 12. Be2 h6 13. Bxf6 Qxf6 14. Ne5 Nxe5 15. Bxh5 Nc4 16. Bf3 c6 17. Rb1 b5 18. Qd3 Re7 19. Re2 Rae8 20. Rbe1 Rxe2 21. Rxe2 Rxe2 22. Qxe2 Qe6 23. Kf1 Qxe2+ 24. Kxe2 Kf8 25. Kd3 Ke7 26. Bg4 Kd6 27. Bf3 g6 28. Be2 Ke6 29. Bg4+ f5 30. Be2 Kf6 31. f4 h5 32. Bf3 Nd6 33. Ke3 Ne4 34. Kd3 h4 35. Be2 Ke6 36. Bf3 Kd6 37. Be2 Kc7 38. Bf3 Kb6 39. Ke3 Nxc3 40. g4 hxg3 41. h4 Ne4 42. Bg2 Nf6 43. Kf3 Nh5 44. Bf1 Ka5 45. Bd3 Kb4 46. Ke3 Ka3 47. Be2 Kxa2 0-1

[Event "POL-chT 2nd League"]
[Site "Sypniewo"]
[Date "2021.09.08"]
[Round "5.11"]
[White "Szydelko, Michal"]
[Black "Jedynak, January"]
[Result "1-0"]
[WhiteElo "1754"]
[BlackElo "1877"]
[PlyCount "119"]
[EventDate "2021.09.04"]
[EventType "team-swiss"]
[EventRounds "9"]
[EventCountry "POL"]
[SourceTitle "CBM 204 Extra"]
[Source "ChessBase"]
[SourceDate "2021.11.30"]
[SourceVersion "1"]
[SourceVersionDate "2021.11.30"]
[SourceQuality "1"]
[WhiteTeam "Radkow Giecek"]
[BlackTeam "Warszawa Zugzwang"]
[WhiteTeamCountry "POL"]
[BlackTeamCountry "POL"]

1. e4 e5 2. Nf3 Nf6 3. Nxe5 d6 4. Nf3 Nxe4 5. Nc3 Nxc3 6. dxc3 Be7 7. Be3 Nc6 8. Qd2 Be6 9. Bd3 Qd7 10. 0-0-0 a6 11. Kb1 0-0-0 12. Nd4 Nxd4 13. Bxd4 Rdg8 14. Rhe1 Qa4 15. b3 Qa5 16. c4 Qxd2 17. Rxd2 h5 18. Rde2 Rh6 19. Be4 Bf6 20. Be3 Rhh8 21. Bd2 Rf8 22. f4 Bg4 23. Re3 Bd4 24. Rd3 Bf6 25. Bc3 Bxc3 26. Rxc3 c6 27. h3 Be6 28. Rg3 Rfg8 29. Kb2 Kc7 30. Kc3 g6 31. Rd3 Re8 32. Rde3 Bc8 33. Bd3 Kd8 34. Kd4 Rxe3 35. Rxe3 Re8 36. Rxe8+ Kxe8 37. Be4 Ke7 38. b4 Kf6 39. c3 Bf5 40. Bf3 Bb1 41. a3 Kf5 42. Ke3 h4 43. Bg4+ Kf6 44. Bc8 b5 45. Bxa6 bxc4 46. Bxc4 d5 47. Bd3 Ba2 48. a4 Ke7 49. Kd4 Kd6 50. a5 Bb3 51. a6 Kc7 52. Kc5 Ba4 53. c4 dxc4 54. Bxc4 f6 55. Bd3 g5 56. fxg5 fxg5 57. Be4 Bb5 58. a7 Kb7 59. a8Q+ Kxa8 60. Bxc6+ 1-0

[Event "POL-chT 2nd League"]
[Site "Poronin"]
[Date "2020.09.11"]
[Round "7.14"]
[White "Kelm, Robert"]
[Black "Szydelko, Michal"]
[Result "1-0"]
[WhiteElo "1613"]
[BlackElo "1877"]
[PlyCount "143"]
[EventDate "2020.09.05"]
[EventType "team-swiss"]
[EventRounds "9"]
[EventCountry "POL"]
[SourceTitle "CBM 198 Extra"]
[Source "ChessBase"]
[SourceDate "2020.11.30"]
[SourceVersion "1"]
[SourceVersionDate "2020.11.30"]
[SourceQuality "1"]
[WhiteTeam "Lodz Okucia Budowlane"]
[BlackTeam "Radkow Giecek"]
[WhiteTeamCountry "POL"]
[BlackTeamCountry "POL"]

1. Nf3 Nf6 2. c4 e6 3. g3 d5 4. Bg2 Be7 5. 0-0 0-0 6. d4 dxc4 7. Qc2 c5 8. Qxc4 Nbd7 9. Nc3 Nb6 10. Qd3 Nbd5 11. a3 cxd4 12. Qxd4 Nxc3 13. Qxc3 Nd5 14. Qb3 Qb6 15. Qxb6 Nxb6 16. Be3 Nc4 17. Bd4 Bd7 18. Ne5 Nxe5 19. Bxe5 Bc6 20. Bxc6 bxc6 21. Rac1 c5 22. Rfd1 Rad8 23. Kf1 Rd5 24. Bc3 Rb8 25. e4 Rdd8 26. Ke2 Rxd1 27. Rxd1 Rb7 28. Kd3 Rd7+ 29. Kc2 Rb7 30. Rd2 f6 31. Kd3 Kf8 32. Kc4 Ke8 33. Rd3 Rb8 34. b3 Rb7 35. Bd2 a6 36. Be3 Rc7 37. f4 g6 38. g4 Rc8 39. Bf2 Rc7 40. h3 Rc8 41. h4 Rc6 42. h5 gxh5 43. gxh5 Bd6 44. f5 Ke7 45. Bg3 Bc7 46. Bxc7 Rxc7 47. Rg3 Kd6 48. h6 exf5 49. exf5 Ke5 50. Rg7 Rc8 51. Rxh7 Kxf5 52. Rg7 Re8 53. h7 Re4+ 54. Kxc5 Rh4 55. b4 Ke6 56. a4 f5 57. b5 axb5 58. axb5 Kf6 59. Ra7 f4 60. b6 f3 61. Ra3 Rxh7 62. Rxf3+ Ke6 63. Kc6 Rh2 64. Re3+ Kf7 65. b7 Rc2+ 66. Kd7 Rb2 67. Kc8 Rc2+ 68. Kb8 Rc4 69. Re5 Kf6 70. Ra5 Ke7 71. Ka7 Rc7 72. Ka8 1-0

[Event "POL-chT 2nd League"]
[Site "Poronin"]
[Date "2020.09.10"]
[Round "6.16"]
[White "Szydelko, Michal"]
[Black "Reichel, Lukasz"]
[Result "1-0"]
[WhiteElo "1877"]
[BlackElo "1755"]
[PlyCount "43"]
[EventDate "2020.09.05"]
[EventType "team-swiss"]
[EventRounds "9"]
[EventCountry "POL"]
[SourceTitle "CBM 198 Extra"]
[Source "ChessBase"]
[SourceDate "2020.11.30"]
[SourceVersion "1"]
[SourceVersionDate "2020.11.30"]
[SourceQuality "1"]
[WhiteTeam "Radkow Giecek"]
[BlackTeam "Zarow Goniec"]
[WhiteTeamCountry "POL"]
[BlackTeamCountry "POL"]

1. e4 c5 2. Nf3 d6 3. c3 Nf6 4. Bd3 g6 5. h3 Bg7 6. 0-0 0-0 7. Bc2 Nc6 8. d4 cxd4 9. cxd4 d5 10. e5 Ne4 11. Nc3 Nxc3 12. bxc3 f6 13. exf6 Bxf6 14. Bh6 Re8 15. Re1 e5 16. dxe5 Nxe5 17. Bb3 Kh8 18. Bxd5 Qc7 19. Ng5 Bg7 20. Nf7+ Qxf7 21. Bxf7 Re7 22. Qd8+ 1-0

[Event "POL-chT 2nd League"]
[Site "Poronin"]
[Date "2020.09.07"]
[Round "3.16"]
[White "Ziemniak, Grzegorz"]
[Black "Szydelko, Michal"]
[Result "1-0"]
[WhiteElo "1693"]
[BlackElo "1877"]
[PlyCount "117"]
[EventDate "2020.09.05"]
[EventType "team-swiss"]
[EventRounds "9"]
[EventCountry "POL"]
[SourceTitle "CBM 198 Extra"]
[Source "ChessBase"]
[SourceDate "2020.11.30"]
[SourceVersion "1"]
[SourceVersionDate "2020.11.30"]
[SourceQuality "1"]
[WhiteTeam "Rzeszow RzKSz"]
[BlackTeam "Radkow Giecek"]
[WhiteTeamCountry "POL"]
[BlackTeamCountry "POL"]

1. e4 e5 2. Nf3 Nf6 3. d4 Nxe4 4. Bd3 d5 5. Nxe5 Bd6 6. 0-0 0-0 7. c4 c6 8. Nc3 Nxc3 9. bxc3 dxc4 10. Nxc4 Be7 11. Re1 Be6 12. Ne5 Nd7 13. Qc2 Nf6 14. Bg5 h6 15. Bd2 Re8 16. f4 Bc8 17. Qb3 Nd5 18. c4 Nxf4 19. Bxf4 Qxd4+ 20. Kh1 Qxf4 21. Re4 Qd2 22. Nxf7 Bf5 23. Rd1 Qxd1+ 24. Qxd1 Bxe4 25. Nxh6+ gxh6 26. Bxe4 Bg5 27. Qg4 Rad8 28. h4 Rd4 29. Bh7+ Kxh7 30. Qxd4 Re1+ 31. Kh2 Be3 32. Qe4+ Kh8 33. Qe8+ Kh7 34. Qd7+ Kg6 35. Qe6+ Kg7 36. Qe7+ Kg8 37. Qd8+ Kg7 38. Qd7+ Kg8 39. Qxb7 Bg1+ 40. Kg3 Re6 41. Qb1 Bb6 42. Qf5 Re7 43. Qc8+ Kg7 44. Qxc6 Rc7 45. Qe6 Rc5 46. Kh3 Ra5 47. a4 h5 48. g4 hxg4+ 49. Kxg4 Rc5 50. h5 Rc7 51. a5 Bxa5 52. Qe5+ Kh6 53. Qg5+ Kh7 54. Qxa5 Rxc4+ 55. Kg5 Kh8 56. Qe5+ Kh7 57. Qe7+ Kh8 58. Qf8+ Kh7 59. Qf7+ 1-0

[Event "Rubinstein Memorial-C 55th"]
[Site "Polanica Zdroj"]
[Date "2019.08.19"]
[Round "3"]
[White "Rosa, Antoni"]
[Black "Szydelko, Michal"]
[Result "0-1"]
[WhiteElo "1528"]
[BlackElo "1752"]
[PlyCount "124"]
[EventDate "2019.08.17"]
[EventType "swiss"]
[EventRounds "9"]
[EventCountry "POL"]
[SourceTitle "EXT 2020"]
[Source "ChessBase"]
[SourceDate "2019.10.17"]
[SourceVersion "1"]
[SourceVersionDate "2019.10.17"]
[SourceQuality "1"]

1. c4 e5 2. Nc3 Nf6 3. g3 d5 4. cxd5 Nxd5 5. Qc2 Nb6 6. Bg2 Be7 7. b3 0-0 8. Bb2 Nc6 9. Nb5 Bd7 10. Nf3 f6 11. Nc3 Nb4 12. Qc1 Bc6 13. 0-0 Qd7 14. a3 N4d5 15. b4 a5 16. Nxd5 Qxd5 17. Bc3 axb4 18. Bxb4 Bxb4 19. axb4 Qb5 20. d3 Qxb4 21. Rb1 Qd6 22. Nh4 Bxg2 23. Kxg2 Rfc8 24. Qb2 Qd5+ 25. Kg1 Ra2 26. Qb4 Ra4 27. Qe7 Qf7 28. Nf5 Nd5 29. Qc5 c6 30. Nd6 Qf8 31. Rxb7 Ra6 32. Rfb1 Rd8 33. Ne4 Qxc5 34. Nxc5 Raa8 35. Ne6 Re8 36. Nxg7 Re7 37. Nf5 Rxb7 38. Rxb7 Ra2 39. Rg7+ Kf8 40. e3 Nb4 41. Rd7 Rd2 42. Rd6 Kf7 43. d4 e4 44. Nh6+ Ke7 45. Nf5+ Kf7 46. h4 Rc2 47. g4 Nd3 48. Rd7+ Kf8 49. Rxh7 Nxf2 50. Rg7 Nh3+ 51. Kf1 Rf2+ 52. Ke1 Rxf5 53. gxf5 Kxg7 54. Kf1 Kh6 55. Kg2 Ng5 56. hxg5+ Kxg5 57. Kg3 Kxf5 58. Kh4 Kg6 59. Kg3 Kg5 60. Kh3 f5 61. Kg3 f4+ 62. exf4+ Kf5 0-1

[Event "Lazy Baltic Pearl op 15th"]
[Site "Lazy"]
[Date "2019.06.23"]
[Round "1"]
[White "Siekanska, Zuzanna"]
[Black "Szydelko, Michal"]
[Result "1/2-1/2"]
[WhiteElo "1582"]
[BlackElo "1843"]
[PlyCount "132"]
[EventDate "2019.06.23"]
[EventType "swiss"]
[EventRounds "9"]
[EventCountry "POL"]
[SourceTitle "CBM 191 Extra"]
[Source "ChessBase"]
[SourceDate "2019.09.30"]
[SourceVersion "1"]
[SourceVersionDate "2019.09.30"]
[SourceQuality "1"]

1. d4 d5 2. c4 e6 3. Nc3 Nf6 4. cxd5 exd5 5. Bg5 Be7 6. e3 c6 7. Bd3 Nbd7 8. Qc2 h6 9. Bh4 0-0 10. Nf3 Re8 11. 0-0 Ne4 12. Bg3 Nxg3 13. hxg3 Bf6 14. Ne2 Nf8 15. Nf4 Ne6 16. Nh5 Ng5 17. Nxf6+ Qxf6 18. Ne5 Qd6 19. Rae1 h5 20. f4 Ne4 21. Bxe4 dxe4 22. Qxe4 f6 23. Nc4 Qf8 24. Qc2 Be6 25. b3 Rac8 26. f5 Bf7 27. Nd2 Qb4 28. Nf3 Qd6 29. Kf2 a5 30. e4 Qb4 31. Rd1 a4 32. bxa4 Ra8 33. e5 Bd5 34. e6 Rxa4 35. Rb1 Qa5 36. Rxb7 Rxa2 37. Rb2 Rxb2 38. Qxb2 Bxf3 39. gxf3 Qxf5 40. Re1 Rxe6 41. Qb3 Kf7 42. Re4 Qd5 43. Qb7+ Kg6 44. Rxe6 Qxe6 45. Qb1+ Qf5 46. Qc1 Qd5 47. Qc2+ Kf7 48. Qb2 g5 49. Qb7+ Kg6 50. Qb4 h4 51. gxh4 gxh4 52. Qc3 Qa2+ 53. Ke3 Qe6+ 54. Kf2 Qd5 55. Qe3 Qa2+ 56. Kg1 h3 57. Qe4+ f5 58. Qe8+ Kg5 59. Qe3+ Kg6 60. Qe8+ Kg5 61. Qe3+ Kg6 62. Qe8+ Kg7 63. Qe5+ Kg6 64. Qg3+ Kf6 65. Qe5+ Kg6 66. Qg3+ Kf7 1/2-1/2

[Event "POL-ch U18"]
[Site "Szklarska Poreba"]
[Date "2019.03.15"]
[Round "8"]
[White "Burzak, Wojciech"]
[Black "Szydelko, Michal"]
[Result "1-0"]
[WhiteElo "1666"]
[BlackElo "1764"]
[PlyCount "41"]
[EventDate "2019.03.09"]
[EventType "swiss"]
[EventRounds "9"]
[EventCountry "POL"]
[SourceTitle "CBM 189 Extra"]
[Source "ChessBase"]
[SourceDate "2019.05.31"]
[SourceVersion "1"]
[SourceVersionDate "2019.05.31"]
[SourceQuality "1"]

1. e4 e5 2. Nf3 Nf6 3. d4 Nxe4 4. Bd3 d5 5. Nxe5 Bd6 6. 0-0 0-0 7. c4 c6 8. Nc3 Nxc3 9. bxc3 Bxe5 10. dxe5 dxc4 11. Bxc4 Qa5 12. Qe2 Re8 13. f4 Qxc3 14. Bb2 Qa5 15. f5 Qc7 16. e6 f6 17. Rad1 b5 18. Rd7 Qb6+ 19. Bd4 c5 20. Bxf6 g6 21. Rg7+ 1-0

[Event "POL-ch U18"]
[Site "Szklarska Poreba"]
[Date "2019.03.09"]
[Round "1"]
[White "Szydelko, Michal"]
[Black "Lis, Mateusz"]
[Result "1-0"]
[WhiteElo "1764"]
[BlackElo "2156"]
[PlyCount "93"]
[EventDate "2019.03.09"]
[EventType "swiss"]
[EventRounds "9"]
[EventCountry "POL"]
[SourceTitle "CBM 189 Extra"]
[Source "ChessBase"]
[SourceDate "2019.05.31"]
[SourceVersion "1"]
[SourceVersionDate "2019.05.31"]
[SourceQuality "1"]

1. e4 c5 2. c3 Nf6 3. e5 Nd5 4. Nf3 Nc6 5. Bc4 e6 6. 0-0 Be7 7. d4 cxd4 8. cxd4 d6 9. exd6 Qxd6 10. Nc3 Nxc3 11. bxc3 a6 12. Be3 0-0 13. Qd2 Bf6 14. Rad1 b5 15. Be2 Bb7 16. Bg5 Qe7 17. Qe3 Rac8 18. Rc1 Bxg5 19. Nxg5 Na5 20. Nf3 Rc7 21. Ne5 Rfc8 22. Bd3 f6 23. Nf3 Nc4 24. Bxc4 Rxc4 25. Nd2 R4c7 26. Rfe1 Bd5 27. Nb3 Rc6 28. Nc5 Qf7 29. a3 Qg6 30. f3 h5 31. Kf2 Qf7 32. Kg1 Qc7 33. Qd3 h4 34. h3 Qg3 35. Qe3 a5 36. a4 Bc4 37. axb5 Rb6 38. Rb1 Qd6 39. Qe4 Rcb8 40. Qxh4 Rxb5 41. Rxb5 Rxb5 42. Qg4 e5 43. Ne4 Qe6 44. Nxf6+ Qxf6 45. Qc8+ Kh7 46. Qxc4 Qh4 47. Qd3+ 1-0

[Event "Rubinstein Memorial-C 54th"]
[Site "Polanica Zdroj"]
[Date "2018.08.22"]
[Round "5"]
[White "Szydelko, Michal"]
[Black "Sobczynski, Roman"]
[Result "1-0"]
[WhiteElo "1642"]
[BlackElo "1915"]
[PlyCount "84"]
[EventDate "2018.08.18"]
[EventType "swiss"]
[EventRounds "9"]
[EventCountry "POL"]
[SourceTitle "EXT 2020"]
[Source "ChessBase"]
[SourceDate "2019.10.17"]
[SourceVersion "1"]
[SourceVersionDate "2019.10.17"]
[SourceQuality "1"]

1. e4 c5 2. c3 Nf6 3. e5 Nd5 4. Nf3 e6 5. Bc4 Nb6 6. Bb3 Be7 7. d4 0-0 8. 0-0 Qc7 9. Be3 d6 10. exd6 Bxd6 11. dxc5 Bxc5 12. Bxc5 Qxc5 13. Nbd2 Rd8 14. Bc2 Na6 15. Qe2 Qh5 16. Ne4 Bd7 17. Ng3 Qh6 18. Ne5 Be8 19. f4 Nd5 20. Ng4 Qh4 21. f5 Bd7 22. Qf3 Nac7 23. Qe4 exf5 24. Nxf5 Bxf5 25. Qxf5 Rf8 26. g3 g6 27. Qxd5 Qxg4 28. Qxb7 Ne6 29. Bb3 Ng5 30. Qg2 Nh3+ 31. Kh1 Ng5 32. Rf4 Qd7 33. Raf1 Rae8 34. Ba4 Qd3 35. Bxe8 Rxe8 36. h4 Ne4 37. R4f3 Qd6 38. Kh2 f5 39. Re1 Rd8 40. Qe2 Qc5 41. Rd1 Re8 42. Rd4 Qe5 1-0

[Event "Lazy Baltic Pearl op 14th"]
[Site "Lazy"]
[Date "2018.06.27"]
[Round "4"]
[White "Hasterok, Mateusz"]
[Black "Szydelko, Michal"]
[Result "1-0"]
[WhiteElo "1837"]
[BlackElo "1713"]
[PlyCount "85"]
[EventDate "2018.06.24"]
[EventType "swiss"]
[EventRounds "9"]
[EventCountry "POL"]
[SourceTitle "CBM 185 Extra"]
[Source "ChessBase"]
[SourceDate "2018.07.29"]
[SourceVersion "1"]
[SourceVersionDate "2018.07.29"]
[SourceQuality "1"]

1. d4 d5 2. c4 e6 3. Nc3 Nf6 4. Bf4 Be7 5. e3 0-0 6. c5 c6 7. h3 Nbd7 8. Nf3 Re8 9. Be2 Ne4 10. 0-0 Nxc3 11. bxc3 b6 12. cxb6 axb6 13. Qc2 Ba6 14. c4 Nf6 15. Rfc1 c5 16. Rab1 Bd6 17. Bg5 Be7 18. Qb3 Bxc4 19. Bxc4 dxc4 20. Qxc4 Nd7 21. Bxe7 Qxe7 22. dxc5 bxc5 23. Rb7 Rab8 24. Rcb1 Rxb7 25. Rxb7 Rb8 26. Rxb8+ Nxb8 27. Qb5 Qd6 28. Ne5 g6 29. Nc4 Qc7 30. a4 Kg7 31. a5 Qa7 32. Kf1 Qa6 33. Qxc5 Nd7 34. Qd4+ e5 35. Qc3 Qb5 36. Kg1 f6 37. Nd6 Qc5 38. Qxc5 Nxc5 39. Ne8+ Kf7 40. Nc7 Ke7 41. a6 Nd7 42. a7 Nb6 43. Nd5+ 1-0

[Event "Lazy Baltic Pearl op 14th"]
[Site "Lazy"]
[Date "2018.06.26"]
[Round "3"]
[White "Szydelko, Michal"]
[Black "Majocha, Piotr"]
[Result "1/2-1/2"]
[WhiteElo "1713"]
[BlackElo "1902"]
[PlyCount "53"]
[EventDate "2018.06.24"]
[EventType "swiss"]
[EventRounds "9"]
[EventCountry "POL"]
[SourceTitle "CBM 185 Extra"]
[Source "ChessBase"]
[SourceDate "2018.07.29"]
[SourceVersion "1"]
[SourceVersionDate "2018.07.29"]
[SourceQuality "1"]

1. e4 e6 2. d4 d5 3. exd5 exd5 4. Bd3 Bd6 5. Nf3 Nf6 6. 0-0 0-0 7. h3 h6 8. c3 c6 9. Qc2 Qc7 10. Re1 Re8 11. Rxe8+ Nxe8 12. Nbd2 Nf6 13. Nf1 Nbd7 14. Ne3 Nf8 15. Bf5 Bxf5 16. Nxf5 Re8 17. Nxd6 Qxd6 18. Be3 Ng6 19. Re1 Ne4 20. Bd2 Qd7 21. Kf1 Nxd2+ 22. Qxd2 Rxe1+ 23. Qxe1 a6 24. Qe3 Kf8 25. Ke2 Qe7 26. Qxe7+ Kxe7 27. g3 1/2-1/2

[Event "Lazy Baltic Pearl op 14th"]
[Site "Lazy"]
[Date "2018.06.24"]
[Round "1"]
[White "Szydelko, Michal"]
[Black "Jarocka, Liwia"]
[Result "0-1"]
[WhiteElo "1713"]
[BlackElo "1984"]
[PlyCount "88"]
[EventDate "2018.06.24"]
[EventType "swiss"]
[EventRounds "9"]
[EventCountry "POL"]
[SourceTitle "CBM 185 Extra"]
[Source "ChessBase"]
[SourceDate "2018.07.29"]
[SourceVersion "1"]
[SourceVersionDate "2018.07.29"]
[SourceQuality "1"]

1. e4 e5 2. Nf3 Nc6 3. Bc4 Bc5 4. 0-0 d6 5. h3 Nf6 6. d3 Be6 7. Bb3 Qd7 8. c3 Bb6 9. Be3 h6 10. Nbd2 Bxb3 11. Qxb3 g5 12. Nc4 0-0-0 13. Nfd2 d5 14. Nxb6+ axb6 15. f3 Nh5 16. Rfd1 d4 17. cxd4 Nxd4 18. Qa3 Kb8 19. Bxd4 Qxd4+ 20. Kh2 Nf4 21. Nb3 Qe3 22. Rac1 Rxd3 23. Qe7 Rc8 24. Rxd3 Nxd3 25. Rc3 Qe2 26. Nc1 Nxc1 27. Rxc1 Qxb2 28. Rd1 Qxa2 29. Qxe5 Qe6 30. Qb5 c5 31. Rc1 c4 32. Rc3 f6 33. Qb4 Qe5+ 34. g3 Qc5 35. Qb2 b5 36. Rc2 Qe5 37. Qa3 Qc5 38. Qc3 b4 39. Qxf6 b3 40. Rd2 c3 41. Rd5 Qc7 42. Qd4 c2 43. Rd7 c1Q 44. Rxc7 Qxc7 0-1